|
|
|
|
| LEADER |
00670nam a2200181 a 4500 |
| 008 |
090706s2001 ii a 000 0 eng d |
| 020 |
|
|
|a 0195660404
|
| 082 |
0 |
0 |
|a 809.3
|2 21
|
| 245 |
1 |
0 |
|a Twentieth century prose/
|c edited by udayon Misra...[etal.]
|
| 260 |
|
|
|a New Delhi:
|b Oxford Press,
|c 2001
|
| 300 |
|
|
|a 234;
|c 20 cm.
|
| 541 |
1 |
|
|e 00014410
|
| 700 |
1 |
|
|a Misra,Udayon
|
| 700 |
1 |
|
|a Goswami,Atul
|
| 700 |
1 |
|
|a Mahanta,Aparna Dutta
|
| 852 |
4 |
|
|a Ayesha Abed Library
|j General Shelf.
|
| 999 |
|
|
|c 2149
|d 2149
|
| 952 |
|
|
|0 0
|1 0
|2 ddc
|4 0
|6 809_300000000000000_TWE_2001
|7 0
|9 1980
|a BRACUL
|b BRACUL
|c GEN
|d 2009-07-07
|g 172.00
|l 1
|o 809.3 TWE
|p 3010014410
|r 2024-02-25
|s 2024-02-13
|t 1
|v 344.00
|w 2009-07-07
|y BK
|